Engineering circuit analysis / (رقم التسجيلة. 32002)

تفاصيل مارك
000 -الفاتح
حقل البيانات ثابتة الطول 01186cam a22003134a 4500
001 - رقم الضبط
رقم الضبط 12353895
003 - محدد رقم الضبط
رقم الضبط OSt
005 - وقت وتاريخ اخر تعامل مع التسجيلة
رقم الضبط 20150408114150.0
008 - عناصر البيانات ثابتة الطول - معلومات عامة
حقل البيانات ثابتة الطول 010321s2002 maua 001 0 eng
010 ## - رقم ضبط مكتبة الكونجرس
رقم ضبط مكتبة الكونجرس 2001030774
020 ## - الرقم الدولى المعيارى للكتب
الرقم الدولى المعيارى للكتاب 0072283645 (alk. paper)
020 ## - الرقم الدولى المعيارى للكتب
الرقم الدولى المعيارى للكتاب 9780072283648
040 ## - مصدر الفهرسة
وكالة الفهرسة الأصلية DLC
وكالة النسخ DLC
وكالة التعديل DLC
042 ## - رمز التحقق
رمز التحقق pcc
050 00 - رقم طلب مكتبة الكونجرس
رقم التصنيف TK454
رقم المادة .H4 2002
082 00 - رقم تصنيف ديوى العشرى
رقم التصنيف 621.319/2
رقم الطبعة 21
رقم المادة HWE
100 1# - المدخل الرئيسى - إسم شخصى
الإسم الشخصى Hayt, William Hart,
التواريخ المصاحبة للاسم 1920-
9 (RLIN) 34370
245 10 - بيان العنوان
العنوان Engineering circuit analysis /
بيان المسئوليه,etc William H. Hayt, Jr., Jack E. Kemmerly, Steven M. Durbin.
250 ## - بيان الطبعة
بيان الطبعة 6th ed.
260 ## - PUBLICATION, DISTRIBUTION, ETC. (IMPRINT)
مكان الناشر او الموزع Boston :
اسم الناشر او الموزع McGraw-Hill,
تاريخ النشر أو التوزيع c2002.
300 ## - الوصف المادى
التعداد xviii, 781 p. :
تفاصيل ماديه اخرى للوعاء ill. (some col.) ;
أبعاد الوعاء 26 cm. +
المادة المصاحبة 1 computer optical disc (4 3/4 in.)
650 #0 - المدخل الاضافى بالموضوع-مصطلح موضوعى
مصطلح موضوعي أو اسم جغرافي كعنصر مدخل Electric circuit analysis.
9 (RLIN) 6188
650 #0 - المدخل الاضافى بالموضوع-مصطلح موضوعى
مصطلح موضوعي أو اسم جغرافي كعنصر مدخل Electric network analysis.
9 (RLIN) 39625
700 1# - المدخل الاضافى - اسم شخصى
الإسم الشخصى Kemmerly, Jack E.
الشكل الأكمل للاسم (Jack Ellsworth),
التواريخ المصاحبة للاسم 1924-
9 (RLIN) 39626
700 1# - المدخل الاضافى - اسم شخصى
الإسم الشخصى Durbin, Steven M.
9 (RLIN) 39627
906 ## - عنصر بيانات محلى F, LDF (RLIN)
a 0
b vip
c orignew
d 1
e ocip
f 20
g y-gencatlg
942 ## - عناصر المدخل الإضافي( كوها)
مصدر التصنيف او مخطط الترفيف Dewey Decimal Classification
Koha [default] item type DVD
المقتنيات
حالة الفقد نموذج السعر الفعال حالة تلف ليس للاعارة رقم الطلب تاريخ الاكتساب الموقع الحالي الباركود الفرع الرئيسي Date last seen نوع المادة فى نظام كوها مصدر التصنيف او خطة الترفيف Total Checkouts
  2013-11-13     621.319/2 HWE 2013-11-13 المكتبة المركزية بالمجمعة (CL) 00452101 المكتبة المركزية بالمجمعة (CL) 2013-11-13 كتاب Dewey Decimal Classification  
  2013-11-13     621.319/2 HWE 2013-11-13 المكتبة المركزية بالمجمعة (CL) 00452102 المكتبة المركزية بالمجمعة (CL) 2013-11-13 كتاب Dewey Decimal Classification  
  2013-11-13     621.319/2 HWE 2013-11-13 المكتبة المركزية بالمجمعة (CL) 00452103 المكتبة المركزية بالمجمعة (CL) 2013-11-13 كتاب Dewey Decimal Classification  
  2013-11-13     621.319/2 HWE 2013-11-13 مكتبة مجمع الكليات بالزلفى - طلاب (SZM) 00452104 مكتبة مجمع الكليات بالزلفى - طلاب (SZM) 2013-11-13 كتاب Dewey Decimal Classification  
  2013-11-13     621.319/2 HWE 2013-11-13 مكتبة مجمع الكليات بالزلفى - طلاب (SZM) 00452105 مكتبة مجمع الكليات بالزلفى - طلاب (SZM) 2013-11-13 كتاب Dewey Decimal Classification  
  2013-11-16     621.319/2 HWE 2013-11-16 مكتبة مجمع الكليات بالزلفى - طلاب (SZM) 00452546 مكتبة مجمع الكليات بالزلفى - طلاب (SZM) 2013-11-16 كتاب Dewey Decimal Classification